ბათუმის შოთა რუსთაველის სახელმწიფო უნივერსიტეტის ბიბლიოთეკა

სიჭაბუკე ბელადისა. პიესა 4 მოქმ. (ბიბ.ჩანაწერი № 43086)

000 -LEADER
fixed length control field 00712nam a2200217Ia 4500
001 - CONTROL NUMBER
control field 9806
003 - CONTROL NUMBER IDENTIFIER
control field GE_BSU
008 - FIXED-LENGTH DATA ELEMENTS--GENERAL INFORMATION
fixed length control field 181216s||||||||xx |||||||||||||| ||und||
040 ## - CATALOGING SOURCE
Transcribing agency GE_BSU
080 ## - UNIVERSAL DECIMAL CLASSIFICATION NUMBER
Universal Decimal Classification number 821.353.1–2
100 ## - MAIN ENTRY--PERSONAL NAME
Personal name ნახუცრიშვილი,გ.
245 ## - TITLE STATEMENT
Title სიჭაბუკე ბელადისა. პიესა 4 მოქმ.
245 ## - TITLE STATEMENT
Statement of responsibility, etc. რედ.დ.მაისურაძე.მხატვ.ვ.გრიგოლია
260 ## - PUBLICATION, DISTRIBUTION, ETC.
Place of publication, distribution, etc. თბილისი
260 ## - PUBLICATION, DISTRIBUTION, ETC.
Name of publisher, distributor, etc. სბლიტგამი
260 ## - PUBLICATION, DISTRIBUTION, ETC.
Date of publication, distribution, etc. 1951
300 ## - PHYSICAL DESCRIPTION
Extent 83გვ.23სმ.
653 ## - INDEX TERM--UNCONTROLLED
Uncontrolled term პიესა
653 ## - INDEX TERM--UNCONTROLLED
Uncontrolled term სიჭაბუკე ბელადისა
942 ## - ADDED ENTRY ELEMENTS (KOHA)
Koha item type წიგნი
ეგზემპლარები
Withdrawn status Lost status Damaged status Not for loan Date acquired Barcode Date last seen Price effective from Koha item type
        2018-12-17 32840 2018-12-17 2018-12-17 წიგნი
        2018-12-17 32841 2018-12-17 2018-12-17 წიგნი
        2018-12-17 32843 2018-12-17 2018-12-17 წიგნი